[Event "50th Biel Festival 2017"]
[Site "Biel"]
[Date "2017.08.01"]
[Round "8"]
[White "Georgiadis, Nico"]
[Black "Leko, Peter"]
[Result "1/2-1/2"]
[WhiteElo "2496"]
[BlackElo "2678"]
[Annotator "TA"]
[PlyCount "43"]
[EventDate "2017.??.??"]
[EventType "tourn"]
[EventCountry "SUI"]
[SourceTitle "playchess.com"]
[Source "ChessBase"]
[SourceQuality "1"]

{[%evp 24,43,38,42,31,33,41,21,43,26,33,1,39,-1,0,0,0,-6,15,0,0,0]} 1. e4 c5 2. Nf3 d6 3. d4 cxd4 4. Nxd4 Nf6 5. Nc3 a6 6. g3 e5 7. Nde2 Be7 8. Bg2 O-O 9. a4 Nbd7 10. h3 h5 11. O-O b6 12. Bg5 {B91: Sicilian Najdorf: 6 g3} (12. Nd5 Nxd5 13. Qxd5 Rb8 14. Nc3 Bb7 15. Qd1 h4 16. Nd5 Bg5 17. f4 Bh6 18. Ne3 hxg3 19. Nf5 Bxf4 20. Bxf4 exf4 21. Qxd6 {½-½ (32) Goganov,A (2603)-Leko,P (2707) Baku 2015}) 12... Bb7 13. Qd2 {LiveBook: 4 Games} Qc7 14. Rfd1 $146 {White is slightly better.} ({Predecessor:} 14. h4 Rfe8 15. Rfd1 {1-0 (39) Tuna,A (2105)-Tezcan,E (2092) Konya 2016}) 14... Rfc8 15. h4 Rab8 16. Bh3 Rd8 17. b3 g6 (17... b5 $5) 18. Rac1 Kg7 {The position is equal.} 19. Bh6+ Kg8 20. Bg5 Kg7 21. Bh6+ Kg8 22. Bg5 {Precision: White = 48%, Black = 15%.} 1/2-1/2

[Event "50th Biel Festival 2017"]
[Site "Biel"]
[Date "2017.08.02"]
[Round "9"]
[White "Harikrishna, P.."]
[Black "Bacrot, Etienne"]
[Result "0-1"]
[WhiteElo "2737"]
[BlackElo "2715"]
[Annotator "TA"]
[PlyCount "58"]
[EventDate "2017.??.??"]
[EventType "tourn"]
[EventCountry "SUI"]
[SourceTitle "playchess.com"]
[Source "ChessBase"]
[SourceQuality "1"]

{[%evp 18,58,33,0,10,0,0,0,0,0,0,0,0,0,0,0,0,0,0,0,0,-8,0,-15,-12,-352,-378,-1053,-181,-1049,-1053,-1039,-1019,-950,-237,-950,-950,-950,-950,-950,-797,-1661,-1645]} 1. e4 e5 2. Nf3 Nc6 3. Bc4 Bc5 4. c3 Nf6 5. d3 a6 6. O-O d6 7. a4 Ba7 8. Re1 O-O 9. h3 Ne7 10. Nbd2 Ng6 {C54: Giuoco Piano: 4 c3 Nf6, main lines with 5 d4 and 5 d3} 11. Nf1 c6 12. Bb3 d5 {The position is equal.} 13. Ng3 Be6 ({But not} 13... Qb6 $6 14. Be3 $16) 14. exd5 {[#]} Nxd5 $146 ({Predecessor:} 14... Bxd5 15. Be3 Bxe3 16. Rxe3 Qb6 17. Ra3 Qc7 18. d4 exd4 19. Nxd4 Rfe8 20. Rxe8+ Rxe8 21. Ra1 Bxb3 22. Qxb3 Nf4 23. Nf3 g6 {½-½ (23) Howell,D (2644)-Svidler,P (2745) Germany 2016}) 15. d4 exd4 16. Nxd4 Qc7 17. Bxd5 Bxd5 18. Ndf5 Rad8 {White should prevent ...Bxg2!} 19. Qg4 Be6 20. Be3 Bb8 21. Bc5 $2 {[%mdl 8192] [#]} (21. Rad1 $11 {and White is okay.}) 21... Bxf5 $1 $19 22. Nxf5 $2 (22. Qb4 Be6 23. Bb6) 22... Qh2+ 23. Kf1 {[#]} Rd2 $1 {[%cal Rh2h1][%mdl 512]} 24. f4 h5 25. Qf3 Qh1+ $40 {[%mdl 128] Black wants a kill.} 26. Bg1 {Strongly threatening Ng3.} Ba7 {[%csl Ga7][%cal Rh1g1] Black is clearly winning.} 27. Re3 Bxe3 28. Nxe3 Re8 29. Nc4 Rc2 {Precision: White = 63%, Black = 93%.} 0-1

[Event "50th Biel Festival 2017"]
[Site "Biel"]
[Date "2017.08.02"]
[Round "9"]
[White "Navara, David"]
[Black "Vaganian, Rafael A"]
[Result "1-0"]
[WhiteElo "2737"]
[BlackElo "2562"]
[Annotator "TA"]
[PlyCount "84"]
[EventDate "2017.??.??"]
[EventType "tourn"]
[EventCountry "SUI"]
[SourceTitle "playchess.com"]
[Source "ChessBase"]
[SourceQuality "1"]

{[%evp 22,84,39,25,66,43,81,94,119,116,100,110,126,119,135,148,146,124,183,166,227,190,312,331,342,233,235,245,202,131,132,132,131,131,122,130,122,126,128,127,157,148,158,172,160,166,156,158,194,183,189,181,230,222,311,309,531,520,516,456,635,629,623,615,1051]} 1. e4 e6 2. d4 d5 3. Nd2 c5 4. Ngf3 Nc6 5. exd5 exd5 6. Bb5 Bd6 7. dxc5 Bxc5 8. O-O Nge7 9. Nb3 Bd6 10. h3 O-O 11. Bd3 h6 12. c3 Nf5 {C09: French Tarrasch: 3...c5 4 exd5 exd5 5 Ngf3 Nc6} 13. Bc2 (13. Re1 Qf6 14. Bc2 Rd8 15. Qd3 g6 16. Bd2 Bc7 17. c4 Ne5 18. Nxe5 Bxe5 19. cxd5 Bxb2 20. Rab1 Be6 21. Rxb2 Qxb2 22. Bc3 Qa3 {½-½ (39) Zvjaginsev,V (2658)-Timofeev,A (2553) Sochi 2015}) 13... Be6 14. Qd3 Qf6 {White is better.} 15. g4 g6 16. Re1 (16. gxf5 Bxf5 17. Qxd5 Bxc2 $11) 16... Rfe8 {[#] Strongly threatening ...Nh4.} 17. Rxe6 $146 ({Much weaker is} 17. gxf5 $6 Bxf5 18. Qxd5 Bxc2 $11) ({Predecessor:} 17. Qd2 Ng3 18. Nfd4 Bxg4 19. Rxe8+ Rxe8 20. Qxh6 Ne2+ 21. Nxe2 Bh2+ {0-1 (21) Kummerow,H (2269)-Feldmann,J (2090) Frankfurt 2014}) 17... fxe6 18. gxf5 gxf5 19. Bd2 Rad8 (19... Re7 $16 {was called for.}) 20. Kh1 Kf7 (20... Kh8 $142 21. Qe3 Rd7) 21. Nbd4 Rg8 (21... Nxd4 $142 22. Nxd4 (22. cxd4 Rg8 $16) 22... Bc5) 22. Re1 $18 Rde8 23. Nxe6 Rxe6 24. Qxd5 Ne7 25. Qxe6+ ({Less strong is} 25. Qxb7 Rxe1+ 26. Bxe1 Kg6 $14) 25... Qxe6 26. Rxe6 Kxe6 27. Bb3+ Kf6 28. Bxg8 ({Resist} 28. Bxh6 $6 Rh8 $14) 28... Nxg8 $16 {[%mdl 4096] Endgame KBN-KBN} 29. Kg2 a6 30. a4 Bf8 31. c4 Ne7 32. Bc3+ Kf7 33. Ne5+ Ke6 34. Nd3 Ng6 35. Kf3 Bd6 36. Ke3 Ne7 37. Bg7 Ng8 (37... h5 $142 38. Nf4+ Kf7) 38. Kd4 $18 b6 $2 {[#]} (38... Kd7 {might work better.} 39. b4 h5 40. Nc5+ Kc8) 39. c5 {White is clearly winning.} Bc7 40. Kc4 a5 41. cxb6 Bxb6 42. Kb5 Kd5 {Precision: White = 98%, Black = 19%.} 1-0

[Event "50th Biel Festival 2017"]
[Site "Biel"]
[Date "2017.08.02"]
[Round "9"]
[White "Leko, Peter"]
[Black "Morozevich, Alexander"]
[Result "1-0"]
[WhiteElo "2678"]
[BlackElo "2675"]
[Annotator "TA"]
[PlyCount "132"]
[EventDate "2017.??.??"]
[EventType "tourn"]
[EventCountry "SUI"]
[SourceTitle "playchess.com"]
[Source "ChessBase"]
[SourceQuality "1"]

{[%evp 28,132,17,14,21,18,35,11,8,10,4,12,18,12,25,15,18,10,17,17,11,12,18,7,15,14,15,15,15,15,15,15,15,20,12,15,13,13,22,12,39,39,61,56,61,61,61,61,49,39,40,41,52,52,52,50,54,8,8,8,8,8,10,8,8,8,8,8,8,8,8,8,8,8,8,8,8,8,8,8,8,8,8,8,29965,29967,29967,29968,29966,29968,29948,29944,12827,12829,12836,12822,12821,12679,6925,6925,6925,6761,6183,6126,5334,5319,5080]} 1. e4 e5 2. Nf3 Nc6 3. Bb5 a6 4. Ba4 Nf6 5. O-O Be7 6. Re1 b5 7. Bb3 d6 8. c3 O-O 9. h3 Re8 10. d4 Bb7 11. Nbd2 Bf8 12. Bc2 h6 13. d5 Ne7 14. b3 {C93: Closed Ruy Lopez: Smyslov Variation} c6 15. c4 {[#] LiveBook: 23 Games} a5 $146 ({Find the theoretical novelty and annotate with similar games:} 15... Rc8 16. Nf1 Qc7 17. Ne3 Ng6 18. Bd2 Nf4 19. Rc1 Qd7 20. Kh2 cxd5 21. cxd5 Rc7 {1-0 (52) Kraemer,M (2571)-Korobov,A (2691) Moscow 2017}) 16. Nf1 {The position is equal.} a4 {Threatening ...axb3.} 17. Rb1 {[%cal Rb3a4]} axb3 18. axb3 Qc7 19. Ne3 bxc4 20. bxc4 Reb8 21. Bd2 Bc8 22. Rxb8 Qxb8 23. Qb1 Qc7 24. Qb2 Ng6 25. Ra1 Rxa1+ (25... Rb8 $5 {[%cal Rb8b2]} 26. Qa2 c5 $14) 26. Qxa1 Nf4 27. Kh2 cxd5 28. cxd5 Qb6 29. Qa5 Qa6 30. Qxa6 Bxa6 31. Ne1 h5 32. f3 g6 33. Bb3 Nd3 34. Bc4 Bxc4 35. Nxc4 Nxe1 36. Bxe1 $14 {[%mdl 4096] Endgame KBN-KBN} Ne8 37. Bb4 f6 38. g4 hxg4 39. fxg4 f5 40. exf5 gxf5 41. gxf5 Nf6 42. Bxd6 Bxd6 43. Nxd6 {Strongly threatening h4. KN-KN} Kf8 44. Kg3 {[#] Nc4 is the strong threat.} Ke7 45. Nc8+ Kd7 46. Nb6+ Kd6 47. Kh4 Kc5 48. Na4+ Kd4 49. d6 e4 $1 50. Kg5 (50. Kg3 $5 {[%cal Ra4b6]} Ke5 51. Nb6 Kxd6 52. Nc4+ Kd5 53. Ne3+ Kd4 54. Ng4 Nh5+ 55. Kh4 $14) 50... Nd7 {Threatens to win with ...e3.} 51. Kf4 e3 52. Kf3 {aiming for Nb2.} Ke5 53. Kxe3 Kxf5 54. Nc3 {Hoping for Kd4.} Ke6 $1 55. Ne4 {Black must now prevent Kf4.} Ne5 $2 {[%mdl 8192] [#]} (55... Nb6 $11) 56. Kf4 $1 Nc4 57. Kg5 Ne5 58. h4 Nf3+ 59. Kg4 Ne5+ 60. Kf4 {White is clearly winning.} Ng6+ 61. Kg5 Nf8 62. Kh6 Ke5 63. Kg7 Ne6+ 64. Kg8 Kxe4 65. h5 Ke5 66. h6 Kd5 {Precision: White = 76%, Black = 71%.} 1-0

[Event "50th Biel Festival 2017"]
[Site "Biel"]
[Date "2017.08.02"]
[Round "9"]
[White "Hou, Yifan"]
[Black "Georgiadis, Nico"]
[Result "1-0"]
[WhiteElo "2666"]
[BlackElo "2496"]
[Annotator "TA"]
[PlyCount "57"]
[EventDate "2017.??.??"]
[EventType "tourn"]
[EventCountry "SUI"]
[SourceTitle "playchess.com"]
[Source "ChessBase"]
[SourceQuality "1"]

{[%evp 15,57,0,4,12,12,10,11,-50,-37,-52,-2,-25,-32,-29,0,-10,53,55,56,55,48,56,55,52,73,66,95,91,84,95,124,128,127,127,182,182,234,224,259,259,252,248,294,294]} 1. e4 c5 2. Nf3 d6 3. d4 cxd4 4. Qxd4 Nc6 5. Bb5 a6 6. Bxc6+ bxc6 7. O-O e5 8. Qd3 Nf6 {[%cal Bg8f6,Bf6d7,Bd7c5][%mdl 32] LiveBook: 8 Games. B51: Sicilian: Moscow Variation (3 Bb5+) without 3...Bd7} (8... Be7 9. c4 Qc7 10. b3 Nf6 11. Nc3 O-O 12. Rd1 Bg4 13. h3 Bh5 14. Qe3 Rad8 15. Bb2 h6 16. Rd2 {0-1 (82) Nepomniachtchi,I (2705)-Moiseenko,A (2692) Berlin 2015}) 9. Rd1 Qc7 10. Bg5 Nd7 $146 {The position is equal.} ({Find the theoretical novelty and annotate with similar games:} 10... Rb8 11. Nbd2 Be7 12. Bxf6 gxf6 13. Rab1 Rg8 14. Nc4 Bg4 15. b3 Rd8 16. Kf1 {1-0 (57) Peters,S-Gotay,A ICCF email 1997}) 11. Na3 (11. Be3 $11) 11... Nc5 $15 12. Qe2 h6 13. Bd2 (13. Bc1 {keeps more tension.} Be7 14. Nc4 O-O 15. Be3 Ne6 16. a4) 13... a5 14. Nc4 Be7 15. Be3 Ba6 (15... Ne6 $11) 16. Bxc5 $1 $14 dxc5 17. Rd2 $36 {[%mdl 2048] White is more active.} O-O 18. Rad1 ({Of course not} 18. Nfxe5 Bg5 $17) 18... Rfd8 19. Rxd8+ Rxd8 20. Rxd8+ Bxd8 21. a4 Qb8 22. b3 Qb4 23. Nfxe5 Bf6 {[#] Threatens to win with ...Bxe5.} 24. Nf3 $1 ({Don't play} 24. Nxc6 $6 Bxc4 25. Qxc4 Qe1+ 26. Qf1 Qxe4 $11) 24... Bd4 (24... Qc3 $16) 25. Qd3 $18 Kf8 (25... g5 $142 26. Qd2 (26. Nxd4 cxd4 27. Kf1 c5 $14) 26... Qxd2 27. Nfxd2 Bc3) 26. Kf1 ({Less strong is} 26. Nxd4 cxd4 27. Kf1 c5 $14) 26... Bxc4 27. Qxc4 Qxc4+ 28. bxc4 Bb2 29. Nd2 {Precision: White = 85%, Black = 48%.} 1-0

[Event "50th Biel Festival 2017"]
[Site "Biel"]
[Date "2017.08.02"]
[Round "9"]
[White "Studer, Noel"]
[Black "Ponomariov, Ruslan"]
[Result "0-1"]
[WhiteElo "2493"]
[BlackElo "2699"]
[Annotator "TA"]
[PlyCount "80"]
[EventDate "2017.??.??"]
[EventType "tourn"]
[EventCountry "SUI"]
[SourceTitle "playchess.com"]
[Source "ChessBase"]
[SourceQuality "1"]

{[%evp 9,80,10,22,22,25,22,18,4,18,7,19,10,7,-12,6,7,24,0,12,22,14,18,47,44,53,42,53,49,84,94,91,27,24,25,30,8,109,121,145,105,110,79,161,51,58,57,69,64,116,109,122,0,0,0,0,-132,-103,-104,-96,-125,-113,-146,-139,-547,-531,-938,-934,-1897,-1891,-1794,-1697,-3019,-2582]} 1. d4 d5 2. c4 e6 3. Nf3 c6 4. Nbd2 Nf6 5. g3 b6 6. Bg2 {D30: Queen's Gambit Declined: Systems without Nc3} Bb7 7. O-O Be7 8. Qc2 {The position is equal.} a5 $146 ({Predecessor:} 8... O-O 9. Rd1 Na6 10. e4 Rc8 11. e5 Nd7 12. cxd5 cxd5 13. Qa4 Qc7 14. Nf1 Qc4 15. Qb3 Nb4 16. Ne3 Qxb3 17. axb3 {½-½ (32) Potkin,V (2610)-Tomashevsky,E (2701) Yaroslavl 2014}) 9. e4 Na6 10. e5 Nd7 11. cxd5 cxd5 12. a3 Rc8 (12... Qc7 $5 {[%cal Rc7c2]} 13. Qxc7 Nxc7 $11) 13. Qd1 Qc7 14. Nb1 b5 15. Re1 Nab8 16. Nc3 Ba6 17. Ng5 Bxg5 18. Bxg5 {Bxd5! is the strong threat.} Nb6 19. Qg4 h5 20. Qe2 (20. Qh4 $16) 20... b4 $11 21. Nb5 Qd7 22. a4 Bxb5 (22... Nxa4 $11 23. Nd6+ Qxd6 24. exd6 Bxe2 25. Rxe2 Nb6) 23. axb5 $16 a4 24. Bf1 $36 {[%mdl 2048] White is really pushing.} Rc4 25. Qd2 Qxb5 26. b3 (26. Bxc4 $6 Nxc4 27. Qe2 b3 $11) (26. Bh4 $1 $18) 26... axb3 $14 27. Reb1 $1 Nc6 28. Rxb3 Kd7 (28... Nd7 $14) 29. Bh4 (29. Bxc4 dxc4 30. Rf3 Rf8 $15) 29... Ra8 {[#]} 30. Rxa8 (30. Rab1 $1 $16) 30... Nxa8 $11 31. Rf3 (31. Qf4 $5 {[%cal Rf4f7]} Kc8 32. Rb1 $14 (32. Qxf7 $2 Rc1 $19)) 31... Kc8 32. Rxf7 (32. Bg5 $1 $11 {was the only way to keep the balance.}) 32... Nc7 $17 33. Qb2 {[#]} ({Don't play} 33. Rxg7 $6 b3 $14) (33. Bxc4 dxc4 34. Qe1 (34. Rxg7 b3 $17) 34... b3) 33... b3 $1 34. Rf3 ({Much weaker is} 34. Rxg7 $6 Qb4 $11) 34... Nxd4 35. Rf8+ Kb7 {Hoping for ...Rc2.} 36. Be7 $2 {[%mdl 8192]} (36. Rf7 $17 {nothing else works.} Qc5 37. Be7) 36... Rc2 $19 {Black is clearly winning.} 37. Qa3 Ne2+ 38. Kg2 b2 39. Bxe2 Rxe2 40. Bc5 b1=Q {Precision: White = 36%, Black = 55%.} 0-1